青岛9条过隧道的公交 - Statistics

General Stats
  • This quiz has been taken 8 times
  • The average score is 17 of 64
Answer Stats
% Correct
青岛火车站
67%
西镇
50%
青岛火车站
50%
青医附院
50%
市立医院
50%
大窑沟
50%
青岛火车站
50%
青岛火车站
50%
隧道1路
50%
隧道2路
50%
隧道3路
50%
山东科技大学
33%
青云山路北站
33%
嘉陵江东路
33%
北船职工公寓
33%
北船重工
33%
武船重工
33%
团岛
33%
薛家岛枢纽站
33%
天泰体育场
33%
青云山路
33%
科技街
33%
利津路
33%
利津路客运站
33%
海员
33%
四方长途站
33%
隧道4路
33%
隧道5路
33%
隧道6路
33%
隧道7路
33%
隧道8路
33%
澳柯玛工业园
17%
港头李
17%
青岛滨海学院
17%
保税港区东门
17%
理工大学新校区
17%
鲁迅公园
17%
南海路
17%
栈桥
17%
海水浴场
17%
黄岛长途站
17%
金石国际广场
17%
黄岛区政府
17%
码头休闲村
17%
中山路
17%
菏泽路
17%
泰山路
17%
华阳路
17%
长春路
17%
灵山卫枢纽站
17%
大湾港路
17%
凤凰都
17%
风和日丽
17%
石油大学南门
17%
上流汇
17%
海韵嘉园
17%
青西快线
17%
馆陶路汽车站
17%
西海岸医院
0%
东平路
0%
东方华庭
0%
滨海新村
0%
机关西部办公中心
0%
西海岸汽车总站
0%
No matching quizzes found
Score Distribution
Percent of People with Each Score
Percentile by Number Answered
Your Score History
You have not taken this quiz